000 00344nam a2200145Ia 4500
005 20251222144801.0
008 251222s9999||||xx |||||||||||||| ||spa||
020 _a978-612-304-292-9
082 _a658.11/M93
100 _aMoyano Castillejo, Luis Enrique
245 0 _aPlan de Negocios
250 _a1a.ed.
264 _bMacro
942 _cLIB
999 _c19740
_d19740